Handbook of Radical Vinyl Polymerization / (Record no. 11815)
[ view plain ]
| 000 -LEADER | |
|---|---|
| fixed length control field | 01347cam a2200301 a 4500 |
| 001 - CONTROL NUMBER | |
| control field | 3087592 |
| 005 - DATE AND TIME OF LATEST TRANSACTION | |
| control field | 20060728221033.0 |
| 008 - FIXED-LENGTH DATA ELEMENTS--GENERAL INFORMATION | |
| fixed length control field | 980316s1998 nyua b 001 0 eng |
| 010 ## - LIBRARY OF CONGRESS CONTROL NUMBER | |
| LC control number | 98016707 |
| 020 ## - INTERNATIONAL STANDARD BOOK NUMBER | |
| International Standard Book Number | 0824794648 (alk. paper) |
| 040 ## - CATALOGING SOURCE | |
| Original cataloging agency | DLC |
| Transcribing agency | DLC |
| Modifying agency | DLC |
| 050 00 - LIBRARY OF CONGRESS CALL NUMBER | |
| Classification number | QD281.P6 |
| Item number | M632 1998 |
| 082 00 - DEWEY DECIMAL CLASSIFICATION NUMBER | |
| Classification number | 668.4236 |
| Edition number | 21 |
| Item number | MIS |
| 100 1# - MAIN ENTRY--PERSONAL NAME | |
| Personal name | Mishra, Munmaya K. |
| 9 (RLIN) | 6109 |
| 245 10 - TITLE STATEMENT | |
| Title | Handbook of Radical Vinyl Polymerization / |
| Statement of responsibility, etc | Munmaya K. Mishra, Yusuf Yagci ; with contributions by Kyu Yong Choi ... [et al.]. |
| 260 ## - PUBLICATION, DISTRIBUTION, ETC. (IMPRINT) | |
| Place of publication, distribution, etc | New York : |
| Name of publisher, distributor, etc | Marcel Dekker, |
| Date of publication, distribution, etc | c1998. |
| 300 ## - PHYSICAL DESCRIPTION | |
| Extent | ix, 405 p. : |
| Other physical details | ill. ; |
| Dimensions | 24 cm. |
| 490 1# - Series Statement | |
| Series statement | Plastics engineering ; |
| Volume/sequential designation | 48 |
| 504 ## - BIBLIOGRAPHY, ETC. NOTE | |
| Bibliography, etc | Includes bibliographical references and index. |
| 650 #0 - SUBJECT ADDED ENTRY--TOPICAL TERM | |
| Topical term or geographic name as entry element | Vinyl polymers. |
| 9 (RLIN) | 6110 |
| 650 #0 - SUBJECT ADDED ENTRY--TOPICAL TERM | |
| Topical term or geographic name as entry element | Polymerization. |
| 9 (RLIN) | 6111 |
| 700 1# - ADDED ENTRY--PERSONAL NAME | |
| Personal name | Yagci, Yusuf, |
| Dates associated with a name | 1952- |
| 9 (RLIN) | 6112 |
| 830 #0 - SERIES ADDED ENTRY--UNIFORM TITLE | |
| Uniform title | Plastics engineering (Marcel Dekker, Inc.) ; |
| Volume number/sequential designation | 48. |
| 9 (RLIN) | 6113 |
| 856 42 - ELECTRONIC LOCATION AND ACCESS | |
| Materials specified | Publisher description |
| Uniform Resource Identifier | <a href="http://www.loc.gov/catdir/enhancements/fy0647/98016707-d.html">http://www.loc.gov/catdir/enhancements/fy0647/98016707-d.html</a> |
| 942 ## - ADDED ENTRY ELEMENTS (KOHA) | |
| Source of classification or shelving scheme | Dewey Decimal Classification |
| Item type | Reference (NB) |
| Withdrawn status | Item status | Source of classification or shelving scheme | Damaged status | Not for loan | Vendor | Home library | Current library | Shelving location | Date acquired | Source of acquisition | Cost, normal purchase price | Total Checkouts | Full call number | Barcode | Date last seen | Koha item type |
|---|---|---|---|---|---|---|---|---|---|---|---|---|---|---|---|---|
| Dewey Decimal Classification | Alef-Baa | Central Library | Central Library | Ground Floor | 11/06/2009 | 150.00 | 668.4236 MIS | 000016757 | 15/07/2025 | Reference (NB) |